000 01417nab a22002657a 4500
999 _c5541
_d5541
003 OSt
005 20251215152235.0
008 190429b xxu||||| |||| 00| 0 spa d
040 _cPJ
100 _96522
_aAguirre Álvarez, Agostina M.
245 1 3 _aLa prueba indiciaria nuevamente en el banquillo :
_bun análisis crítico de la valoración probatoria en las sentencias condenatorias /
_cAgostina M. Aguirre Álvarez.
260 _cCiudad Autónoma de Buenos Aires :
_aThomson Reuters La Ley,
_b2025.
300 _ap. 160-165
500 _aCita: AR/DOC/182/2025.
505 _aSumario: I. Introducción.— II. Decisión del Tribunal.— III. Reflexión crítica.
505 _tFallo comentado: Tribunal en lo Criminal Nro. 1 de San Nicolás ~ 18/06/2024 ~ G., P. D. s/ homicidio calificado por el vínculo, por la alevosía y por el medio empleado (dos hechos) y homicidio calificado por la alevosía y por el medio empleado y daño en concurso real.
505 _tSi te interesa el texto completo, solicitalo a koha@justierradelfuego.gov.ar
650 0 _9343
_aDERECHO PENAL
650 0 _91975
_aPRUEBA
650 0 _92913
_aHOMICIDIO
650 0 _92934
_aHOMICIDIO CON ALEVOSÍA
650 0 _94933
_aPRISIÓN PERPETUA
773 0 _02658
_93164
_tRevista de derecho penal y criminología. Nº 2 - Marzo 2025
_dCiudad Autónoma de Buenos Aires : Thomson Reuters La Ley, 2017-
_x00347914
942 _2udc
_cANA